|
|
|
|
| LEADER |
00000nab#a22000007a#4500 |
| 001 |
arbauad041800 |
| 003 |
AR-BaUAD |
| 005 |
20250711113249.0 |
| 008 |
991129|||||||||###||||||b###|0###a|spa|| |
| 040 |
|
|
|a AR-BaUAD
|c AR-BaUAD
|b spa
|
| 245 |
|
|
|a Miscellaneous Company LiteratureEditorialBooks /
|
| 300 |
0 |
|
|b fot.
|
| 653 |
|
|
|a DISEÑO GRAFICO
|
| 653 |
|
|
|a DISEÑO EDITORIAL
|
| 653 |
|
|
|a LIBROS
|
| 653 |
|
|
|a FOLLETOS
|
| 653 |
|
|
|a PUESTA EN PAGINA
|
| 653 |
|
|
|a REVISTAS
|
| 653 |
|
|
|a TAPAS DE REVISTAS
|
| 653 |
|
|
|a TAPAS DE LIBROS
|
| 653 |
|
|
|a EVANGELISTA, PATRICIA
|
| 653 |
|
|
|a BIERUT, MICHAEL
|
| 653 |
|
|
|a BUCHANAN, TIKA
|
| 653 |
|
|
|a SAGMEISTER, STEFAN
|
| 653 |
|
|
|a JUDSON, MARK
|
| 653 |
|
|
|a WILCOX, JEAN
|
| 653 |
|
|
|a RICKABAUGH, ROBIN
|
| 653 |
|
|
|a HYLAND, ANGUS
|
| 653 |
|
|
|a NJO, KONG
|
| 653 |
|
|
|a BLANKENSHIP, DAVID
|
| 653 |
|
|
|a YUDELL, DEENIE
|
| 653 |
|
|
|a SCHATZ, HOWARD
|
| 653 |
|
|
|a ESTADOS UNIDOS
|
| 773 |
0 |
|
|t COMMUNICATION ARTS
|g no. 292 [nov. 1999], p. 110-145
|
| 942 |
|
|
|c ARTI
|
| 952 |
|
|
|0 0
|1 0
|4 0
|7 0
|9 86719
|a AR-BAuAD
|b AR-BAuAD
|d 2025-07-11
|l 0
|p AAQA041800
|r 2025-07-11 11:32:49
|w 2025-07-11
|y ARTI
|
| 990 |
|
|
|a DG199
|b TD
|
| 998 |
|
|
|a AAQ
|b BIBUN76
|
| 999 |
|
|
|c 66392
|d 66392
|